000 00806nam a22002057a 4500
999 _c18240
_d18240
003 AR-CdUCM
008 190513b ||||| |||| 00| 0 spa d
040 _aMUNICIPALIDAD PROVINCIAL DEL CUSCO
_cBIBLIOTECA MUNICIPAL DEL CUSCO
082 _a373.123 /
_bB17
100 _aBaldelli, Pio
_938714
245 _aComunicación audiovisual y educación /
260 _aVenexuela :
_bEBVC,
_c1966.
300 _a249 páginas ;
_c22 cm.
505 _aSistema escolar y sistema audiovisual -- Los correctivos del influjo cinematográfico -- Razones y limites de las pruebas de la psicología experimental -- Identificación en la situación patológica...
650 _aEducación.
_9460
650 _aEducación audiovisual.
_910700
650 _acinematografía.
_95757
942 _2ddc
_cLIBROS
945 _awfj